000 00677nam a2200217 a 4500
001 BRCA_1829
005 20190320203551.0
008 210508s----1971fr-a---###---#000-0#fre-#
050 4 _aNK2995
_b.C64 1971
100 1 _aCoffinet, Julien
_95685
245 1 0 _aArachne ou L´Art de la Tapisserie
_cJulien Coffinet.
260 _aGenève
_bEditions de la Coulouvrenière
_c1971
300 _a245 p.
_bil.
_c31 cm.
500 _aIncluye índice de técnica
500 _aColección Sonia Corcuera de Mancera
650 1 4 _aTapices
_xHistoria
_95686
650 1 4 _aTejido
_xMétodo de Gobelins
_95687
650 1 4 _aTextiles
_xArtes decorativas
_95688
902 _aDSC
942 _2lcc
_cB
999 _c1610
_d1610